000 01343cam a2200289 a 4500
001 1224
005 20250505094932.0
020 _a9781416997788
020 _a9780545607612
040 _aDLC
_cDLC
_dDLC
_beng
050 0 0 _aZ720.S67
_bW56 2010
082 0 0 _a020/.92
_aB
_222
100 1 _aWinter, Jeanette.
245 1 0 _aBiblioburro :
_ba true story from Colombia /
_cJeanette Winter.
260 _aNew York :
_bScholastic,
_c2010.
300 _a32 unnumbered pages :
_bcolor illustrations ;
_c21 cm.
505 _aK
520 _aA man, his burros, and his books bring joy to children in remote Colombian villages in this inspiring book based on a true story by celebrated picture book creator Jeanette Winter. Luis loves to read, but soon his house in Colombia is so full of books there's barely room for the family. What to do? Then he comes up with the perfect solution--a traveling library! He buys two donkeys--Alfa and
521 1 _a540
_bLexile AD
521 1 _aK
_bRaz-Plus
650 0 _aLibrarians
_zColombia
_vBiography
_vJuvenile literature.
650 0 _aTeachers
_zColombia
_vBiography
_vJuvenile literature.
650 0 _aTraveling libraries
_zColombia
_vJuvenile literature.
650 0 _aBooks and reading
_zColombia
_vJuvenile literature.
906 _a7
_bcbc
_corignew
_d1
_eecip
_f20
_gy-gencatlg
942 _2ddc
_cBK
_n0
999 _c1224
_d1224